| 000 | 01001cam a22002651 4500 | ||
|---|---|---|---|
| 001 | gs 14000777 | ||
| 003 | DLC | ||
| 005 | 20260227111316.0 | ||
| 008 | 761013s1913 oncabf b 000 0 eng c | ||
| 010 | _ags 14000777 | ||
| 035 | _a(OCoLC)2499582 | ||
| 040 |
_aLibrary, U.S. Geological _cOGraD _dOCoLC _dNSbSU _dDLC |
||
| 042 | _apremarc | ||
| 050 | 0 | 0 |
_aQE185 _b.A2 no. 39 |
| 100 | 1 |
_aWilson, Morley Evans, _d1882- |
|
| 245 | 1 | 0 |
_aKewagama lake map-area, Quebec, _cby M. E. Wilson. |
| 260 |
_aOttawa, _bGovernment Printing Bureau, _c1913. |
||
| 300 |
_avi, 139 p. _billus., XXIX pl. (incl. front.) fold. map (in pocket) diagrs. _c25 cm. |
||
| 490 | 1 |
_aCanada. Geological Survey. Memoir 39; Geological series, _vno. 35 |
|
| 500 | _aAt head of title: Canada. Department of Mines. | ||
| 500 | _a"Classified list of recent reports of Geological Survey": p. 135-139. | ||
| 504 | _aBibliography: p. 8. | ||
| 650 | 0 |
_aGeology _zQuébec (Province) |
|
| 830 | 0 |
_aMemoir (Geological Survey of Canada) ; _v39 |
|
| 999 |
_c25436 _d25436 |
||